000
00307nam a22001217a 4500
008
160419b xxu||||| |||| 00| 0 eng d
020
_a
9780803622647
020
_a
0803622643
041
_a
eng
080
_a
618.2
245
_a
Fundamentals of Nursing:
_c
Judith M. Wilkinson Leslie S.Treas;
942
_2
udc
_c
BK
999
_c
1440
_d
1440